Learning microsoft visual C# / (Record no. 1522)
[ view plain ]
| 000 -LEADER | |
|---|---|
| fixed length control field | 00949nam a22002417a 4500 |
| 005 - DATE AND TIME OF LATEST TRANSACTION | |
| control field | 20230303014527.0 |
| 008 - FIXED-LENGTH DATA ELEMENTS--GENERAL INFORMATION | |
| fixed length control field | 230303b |||||||| |||| 00| 0 eng d |
| 020 ## - INTERNATIONAL STANDARD BOOK NUMBER | |
| International Standard Book Number | 978-621-427-031-6 |
| 082 ## - DEWEY DECIMAL CLASSIFICATION NUMBER | |
| Classification number | Fil. 005.133 L438 2018 |
| 100 ## - MAIN ENTRY--PERSONAL NAME | |
| Personal name | Abante, Marmelo V. |
| Relator term | author |
| 245 ## - TITLE STATEMENT | |
| Title | Learning microsoft visual C# / |
| Statement of responsibility, etc. | Marmelo V. Abante, Dan Michael A. Cortez, Mary Joy A. Dalos Trinos, Ivan James A. Fermanejo, Dean Myra Santos, Marygin E. Sarmiento |
| 260 ## - PUBLICATION, DISTRIBUTION, ETC. | |
| Place of publication, distribution, etc. | Manila: |
| Name of publisher, distributor, etc. | Unlimited Books Library Services & Publishing, |
| Date of publication, distribution, etc. | c2018. |
| 300 ## - PHYSICAL DESCRIPTION | |
| Extent | vi, 469p.; |
| Other physical details | ill. |
| 504 ## - BIBLIOGRAPHY, ETC. NOTE | |
| Bibliography, etc. note | Includes references |
| 541 ## - IMMEDIATE SOURCE OF ACQUISITION NOTE | |
| Accession number | 5960 c.1, 5961 c.2 |
| 650 ## - SUBJECT ADDED ENTRY--TOPICAL TERM | |
| Topical term or geographic name entry element | C# (Computer program language) |
| 650 ## - SUBJECT ADDED ENTRY--TOPICAL TERM | |
| Topical term or geographic name entry element | Microsoft visual C# NET |
| 700 ## - ADDED ENTRY--PERSONAL NAME | |
| Personal name | Cortez, Dan Michael A. |
| Relator term | author |
| 700 ## - ADDED ENTRY--PERSONAL NAME | |
| Personal name | Delos Trinos, Mary Joy A. |
| Relator term | author |
| 700 ## - ADDED ENTRY--PERSONAL NAME | |
| Personal name | Santos, Dean Myra |
| Relator term | author |
| 700 ## - ADDED ENTRY--PERSONAL NAME | |
| Personal name | Fermanejo, Ivan James A. |
| Relator term | author |
| 700 ## - ADDED ENTRY--PERSONAL NAME | |
| Personal name | Sarmiento, Marygin E. |
| Relator term | author |
| Withdrawn status | Lost status | Source of classification or shelving scheme | Damaged status | Not for loan | Home library | Current library | Date acquired | Total Checkouts | Full call number | Barcode | Date last seen | Copy number | Price effective from | Koha item type |
|---|---|---|---|---|---|---|---|---|---|---|---|---|---|---|
| Dewey Decimal Classification | ctu-moalboal | ctu-moalboal | 03/19/2019 | Fil. 005.133 L438 2018 | 5960 | 03/03/2023 | 1 | 03/03/2023 | Books-Filipiniana | |||||
| Dewey Decimal Classification | ctu-moalboal | ctu-moalboal | 03/19/2019 | Fil. 005.133 L438 2018 | 5961 | 03/03/2023 | 2 | 03/03/2023 | Books-Filipiniana |